000
00304nam a22001217a 4500
020
_a
0-02-369685-0
082
_a
005.133-P LEE'P
100
_a
NYHOFF, L , LEESTMA, S
_9
62284
245
_a
PASCAL ,PROGRAMMING AND PROBLEM SOLVING
260
_a
NEWYORK
_b
MACMILLAN
_c
1990
300
_a
748P
942
_c
BK
999
_c
571438
_d
571438